000 00389nam a2200157Ia 4500
008 210716s2009 xx 000 0 und d
020 _a9788131512722
041 _aeng
082 _a005.368 SALK
100 _aSaleh, Kassem A.
245 _aSoftware engineering.
250 _a1
260 _aNew Delhi
_bCengage Learning
_c2009
300 _axix,336
650 _aSoftware Engineering
999 _c190912
_d190912